Księżyce planet - Statystyki

Ogólne statystyki
  • Ten quiz został rozwiązany 53 razy
  • Średni wynik to 12 z 179
Statystyki odpowiedzi
Planeta Nazwy księżyców % Poprawnych
Ziemia Księżyc
100%
Jowisz Europa
72%
Jowisz Io
72%
Mars Fobos
67%
Mars Deimos
64%
Jowisz Ganimedes
64%
Saturn Tytan
53%
Jowisz Kallisto
42%
Uran Tytania
28%
Uran Ariel
25%
Saturn Pan
22%
Saturn Rea
22%
Saturn Enceladus
19%
Neptun Tryton
19%
Uran Umbriel
19%
Jowisz Adrastea
17%
Jowisz Amaltea
17%
Jowisz Elara
17%
Saturn Hyperion
17%
Jowisz Metis
17%
Uran Oberon
17%
Saturn Dione
14%
Saturn Mimas
14%
Uran Miranda
14%
Neptun Nereida
14%
Neptun Proteusz
14%
Jowisz Tebe
14%
Saturn Tetyda
14%
Jowisz Himalia
11%
Saturn Janus
11%
Saturn Japet
11%
Saturn Kalipso
11%
Uran Puk
11%
Jowisz Temisto
11%
Saturn Atlas
8%
Saturn Febe
8%
Neptun Larissa
8%
Jowisz Lizytea
8%
Saturn Pandora
8%
Saturn Prometeusz
8%
Jowisz Ananke
6%
Jowisz Aoede
6%
Jowisz Dia
6%
Jowisz Euporie
6%
Jowisz Harpalyke
6%
Jowisz Jowisz LV
6%
Jowisz Karme
6%
Jowisz Leda
6%
Jowisz Pazyfae
6%
Jowisz Thyone
6%
Jowisz Valetudo
6%
Saturn Aegaeon
3%
Jowisz Aitne
3%
Saturn Anthe
3%
Jowisz Autonoe
3%
Jowisz Callirrhoe
3%
Jowisz Chaldene
3%
Jowisz Cyllene
3%
Saturn Daphnis
3%
Uran Desdemona
3%
Neptun Despoina
3%
Saturn Epimeteusz
3%
Jowisz Erinome
3%
Jowisz Ersa
3%
Jowisz Euanthe
3%
Jowisz Eukelade
3%
Jowisz Eurydome
3%
Neptun Galatea
3%
Saturn Helena
3%
Jowisz Helike
3%
Jowisz Hermippe
3%
Jowisz Herse
3%
Jowisz Isonoe
3%
Jowisz Jokasta
3%
Jowisz Jowisz LI
3%
Jowisz Jowisz LII
3%
Jowisz Jowisz LXI
3%
Jowisz Jowisz LXX
3%
Uran Julia
3%
Jowisz Kallichore
3%
Jowisz Kalyke
3%
Jowisz Karpo
3%
Jowisz Kore
3%
Jowisz Megaclite
3%
Saturn Methone
3%
Jowisz Mneme
3%
Uran Ofelia
3%
Jowisz Orthosie
3%
Jowisz Pandia
3%
Jowisz Pasithee
3%
Saturn Polideukes
3%
Jowisz Praxidike
3%
Jowisz Sinope
3%
Jowisz Sponde
3%
Saturn Telesto
3%
Jowisz Thelxinoe
3%
Saturn Aegir
0%
Saturn Albioriks
0%
Saturn Angrboda
0%
Jowisz Arche
0%
Saturn Bebhionn
0%
Saturn Beli
0%
Saturn Bergelmir
0%
Saturn Bestla
0%
Uran Bianka
0%
Saturn Eggther
0%
Jowisz Eirene
0%
Jowisz Eufeme
0%
Saturn Farbauti
0%
Saturn Fenrir
0%
Uran Ferdynand
0%
Jowisz Filofrosyne
0%
Saturn Fornjot
0%
Uran Francisco
0%
Saturn Geirrod
0%
Saturn Gerd
0%
Saturn Greip
0%
Saturn Gridr
0%
Saturn Gunnlod
0%
Neptun Halimede
0%
Saturn Hati
0%
Jowisz Hegemone
0%
Neptun Hippokamp
0%
Saturn Hyrrokkin
0%
Saturn Ijiraq
0%
Saturn Imir
0%
Saturn Jarnsaksa
0%
Jowisz Jowisz LIV
0%
Jowisz Jowisz LIX
0%
Jowisz Jowisz LVI
0%
Jowisz Jowisz LXIII
0%
Jowisz Jowisz LXIV
0%
Jowisz Jowisz LXIX
0%
Jowisz Jowisz LXVI
0%
Jowisz Jowisz LXVII
0%
Jowisz Jowisz LXVIII
0%
Jowisz Jowisz LXXII
0%
Jowisz Kale
0%
Uran Kaliban
0%
Saturn Kari
0%
Saturn Kiviuq
0%
Uran Kordelia
0%
Uran Kresyda
0%
Uran Kupid
0%
Neptun Laomedea
0%
Saturn Loge
0%
Uran Mab
0%
Uran Margaret
0%
Saturn Mundilfari
0%
Neptun Najada
0%
Saturn Narvi
0%
Neptun Neso
0%
Saturn Paaliaq
0%
Saturn Pallene
0%
Uran Perdyta
0%
Uran Porcja
0%
Uran Prospero
0%
Neptun Psamathe
0%
Uran Rozalinda
0%
Neptun Sao
0%
Saturn Saturn LVIII
0%
Saturn Saturn LX
0%
Saturn Saturn LXIV
0%
Uran Setebos
0%
Saturn Siarnaq
0%
Saturn Skathi
0%
Saturn Skoll
0%
Saturn Skrymir
0%
Uran Stefano
0%
Saturn Surtur
0%
Saturn Suttungr
0%
Uran Sykoraks
0%
Neptun Talassa
0%
Saturn Tarqeq
0%
Saturn Tarvos
0%
Jowisz Taygete
0%
Saturn Thiazzi
0%
Saturn Thrymr
0%
Uran Trinkulo
0%
Nie znaleziono quizów pasujących do podanych kryteriów
Rozkład punktacji
Procent ludzi z każdym wynikiem
Percentyl według liczby udzielonych odpowiedzi
Twoja historia wyników
Nie rozwiązałeś tego quizu